[Event "CHN-ch blitz (Women)"]
[Site "Tianjin"]
[Date "2018.06.08"]
[Round "7"]
[White "Liu, Xianglin"]
[Black "Zhang, Lanlin"]
[Result "0-1"]
[WhiteElo "2212"]
[BlackElo "2177"]
[PlyCount "72"]
[EventDate "2018.06.07"]
[EventType "swiss (blitz)"]
[EventRounds "9"]
[EventCountry "CHN"]
[SourceTitle "CBM 184 Extra"]
[Source "ChessBase"]
[SourceDate "2018.06.28"]
[SourceVersion "1"]
[SourceVersionDate "2018.06.28"]
[SourceQuality "1"]

1. d4 d5 2. c4 c6 3. Nf3 Nf6 4. cxd5 cxd5 5. Nc3 Nc6 6. Bf4 Bf5 7. Qb3 Na5 8. Qa4+ Bd7 9. Qc2 e6 10. e3 Rc8 11. Bd3 Bb4 12. 0-0 0-0 13. a3 Bxc3 14. bxc3 Nc4 15. Ne5 h6 16. Rfb1 b5 17. Bxc4 dxc4 18. Nxd7 Qxd7 19. Qb2 a6 20. a4 Nd5 21. Bg3 b4 22. cxb4 c3 23. Qc2 Rc4 24. b5 axb5 25. axb5 Nb4 26. Qb3 Qxb5 27. Bd6 c2 28. Rc1 Rfc8 29. Bc5 R8xc5 30. dxc5 Qxc5 31. h3 Rc3 32. Qa4 Nd3 33. Qa8+ Kh7 34. Qe4+ f5 35. Qxe6 Nxc1 36. Rxc1 Rd3 0-1

[Event "CHN-ch rapid (Women)"]
[Site "Tianjin"]
[Date "2018.06.07"]
[Round "6"]
[White "Liu, Xianglin"]
[Black "Li, Xueyi"]
[Result "1-0"]
[WhiteElo "2212"]
[BlackElo "2195"]
[PlyCount "135"]
[EventDate "2018.06.06"]
[EventType "swiss (rapid)"]
[EventRounds "9"]
[EventCountry "CHN"]
[SourceTitle "CBM 184 Extra"]
[Source "ChessBase"]
[SourceDate "2018.06.28"]
[SourceVersion "1"]
[SourceVersionDate "2018.06.28"]
[SourceQuality "1"]

1. d4 Nf6 2. Nf3 e6 3. g3 d5 4. Bg2 c6 5. 0-0 Bd6 6. b3 0-0 7. c4 Nbd7 8. Nc3 dxc4 9. bxc4 e5 10. d5 cxd5 11. cxd5 a6 12. a4 Nb6 13. Bg5 h6 14. Bxf6 Qxf6 15. Ne4 Qe7 16. Nxd6 Qxd6 17. e4 Bd7 18. Qb3 Rfc8 19. Nd2 Bxa4 20. Rxa4 Nxa4 21. Qxa4 b5 22. Qb3 Rcb8 23. Rc1 a5 24. Rc6 Qb4 25. Qxb4 axb4 26. Rc2 Ra1+ 27. Bf1 Rba8 28. Kg2 R1a2 29. Rxa2 Rxa2 30. Nb1 Rb2 31. Bd3 Kf8 32. Kf3 Ke7 33. Ke3 Ra2 34. Nd2 Ra3 35. Ke2 Ra2 36. Bxb5 Kd6 37. Bc4 Ra1 38. Kd3 g5 39. Ke3 f6 40. f4 Ra3+ 41. Bb3 exf4+ 42. gxf4 gxf4+ 43. Kxf4 Ra1 44. Kf5 Ke7 45. e5 fxe5 46. Kxe5 Rh1 47. d6+ Kd8 48. Ba4 Rxh2 49. Ne4 Re2 50. Kd5 Ra2 51. Bb3 Ra5+ 52. Nc5 h5 53. Kc4 Rxc5+ 54. Kxc5 Kd7 55. Ba4+ Ke6 56. d7 Ke7 57. Kxb4 h4 58. Kc5 h3 59. Kc6 h2 60. Kc7 h1Q 61. d8Q+ Ke6 62. Qd6+ Kf7 63. Bb3+ Kg7 64. Qe5+ Kh7 65. Bc2+ Kg8 66. Bb3+ Kh7 67. Qe7+ Kh8 68. Qf8+ 1-0

[Event "CHN-chT Torch Real Estate Cup"]
[Site "Wuxi"]
[Date "2005.05.10"]
[Round "9"]
[White "Liu, Xianglin"]
[Black "Xu, Tong"]
[Result "1-0"]
[WhiteElo "2223"]
[BlackElo "2167"]
[PlyCount "81"]
[EventDate "2005.05.08"]
[EventType "team-tourn"]
[EventRounds "13"]
[EventCountry "CHN"]
[SourceTitle "CBM 106 Extra"]
[Source "ChessBase"]
[SourceDate "2005.07.01"]
[SourceVersion "1"]
[SourceVersionDate "2005.07.01"]
[SourceQuality "1"]

1. d4 Nf6 2. Nf3 g6 3. c4 Bg7 4. Nc3 0-0 5. e4 d6 6. Be2 e5 7. dxe5 dxe5 8. Qxd8 Rxd8 9. Bg5 Re8 10. Nd5 Nxd5 11. cxd5 c6 12. Bc4 Bd7 13. 0-0-0 cxd5 14. Bxd5 Bc6 15. Bxc6 Nxc6 16. Rd7 b6 17. Kb1 h6 18. Rc1 Re6 19. Be3 Kf8 20. a3 Ke8 21. Rc7 Nd8 22. Bd2 Bf8 23. Bb4 Bxb4 24. axb4 g5 25. Rd1 a5 26. b5 a4 27. Ka2 Re7 28. Rxe7+ Kxe7 29. Nxe5 Rc8 30. Nd7 Ke8 31. Nxb6 Rc2 32. Nd5 Rxf2 33. b6 Rxg2 34. Rc1 Rd2 35. Rc8 a3 36. Kxa3 Rxd5 37. exd5 Kd7 38. Rc3 f5 39. Rc7+ Kd6 40. Rh7 Kxd5 41. Rd7+ 1-0

[Event "Jinan Torch Cup"]
[Site "Jinan"]
[Date "2005.04.22"]
[Round "3"]
[White "Liu, Xianglin"]
[Black "Xu, Yuhua"]
[Result "0-1"]
[WhiteElo "2223"]
[BlackElo "2478"]
[PlyCount "88"]
[EventDate "2005.04.20"]
[EventType "team"]
[EventRounds "9"]
[EventCountry "CHN"]
[SourceTitle "CBM 106 Extra"]
[Source "ChessBase"]
[SourceDate "2005.07.01"]
[SourceVersion "1"]
[SourceVersionDate "2005.07.01"]
[SourceQuality "1"]

1. Nf3 d5 2. d4 Nf6 3. c4 e6 4. Nc3 Be7 5. Bg5 0-0 6. e3 b6 7. Be2 Bb7 8. Bxf6 Bxf6 9. cxd5 exd5 10. b4 Qd6 11. Rb1 a6 12. 0-0 Nd7 13. Qc2 Be7 14. b5 a5 15. Bd3 Qh6 16. e4 dxe4 17. Bxe4 Bxe4 18. Nxe4 Rac8 19. Ng3 Bb4 20. Qf5 Rfd8 21. Rfc1 g6 22. Qc2 Nf6 23. Qc4 Qf4 24. Ne2 Qf5 25. h3 Kg7 26. Rb3 Ne4 27. Re3 Re8 28. Qc2 Nd6 29. Ne5 Qxc2 30. Rxc2 Nxb5 31. Nc6 Na3 32. Nxb4 axb4 33. Rc6 Nb5 34. Kf1 Red8 35. Rd3 Ra8 36. Rd2 Ra3 37. d5 Rd6 38. Rcc2 Ra8 39. Rb2 Rad8 40. Rxb4 Rxd5 41. Rxd5 Rxd5 42. Nf4 Rd1+ 43. Ke2 Nc3+ 44. Kf3 Nxa2 0-1